| 000 | 00386cam a2200169ua 4500 | ||
|---|---|---|---|
| 020 | _cRs. 1.25 | ||
| 041 |
_amal _h |
||
| 082 |
_a894.812803 _bCHA/JE |
||
| 100 | _aChacko, I C . | ||
| 245 | _aJeevithasmaranakal | ||
| 260 |
_aPulikunnu : _bDeshaseviny granthasala , _c1957. |
||
| 300 | _a124 ; . | ||
| 365 | _aRs. 1.25 | ||
| 504 | _a | ||
| 942 | _cBK | ||
| 999 |
_c437 _d437 |
||